| 000 | 00489nam a2200169Ia 4500 | ||
|---|---|---|---|
| 999 |
_c16172 _d16172 |
||
| 003 | OSt | ||
| 005 | 20200606115857.0 | ||
| 008 | 190216s9999||||xx |||||||||||||| ||und|| | ||
| 040 | _cMESKC library | ||
| 082 |
_a891.431 _bSAX/V |
||
| 100 |
_aSaxena, Usha _9225 |
||
| 245 | 0 |
_aVishvaas ki Rajat Seepian / _cUsha Saxena |
|
| 260 |
_bIndraprasth International, _aDelhi: _c2004. |
||
| 300 | _a104p | ||
| 650 | _aHindi | ||
| 942 |
_cBK _2ddc _h891.431 _iSAX/V _k891.431 _mSAX/V |
||